| 000 | 00997nam a2200217Ia 4500 | ||
|---|---|---|---|
| 001 | 13637 | ||
| 003 | GE_BSU | ||
| 008 | 181216s||||||||xx |||||||||||||| ||und|| | ||
| 040 | _cGE_BSU | ||
| 245 | _aსაქართველოს ბიბლიოთეკა :№3(56) 2014. | ||
| 245 | _bჟურნალი გამოდის წელიწადში ოთხჯერ. | ||
| 245 | _cრედ.: ალექსანდრე ლორია, გურამ თაყნიაშვილი. | ||
| 260 | _aთბილისი | ||
| 260 | _bინდსაწარმო ”ალი” | ||
| 260 | _c2014 | ||
| 300 | _a48გვ.29სმ. | ||
| 653 | _aპერიოდიკა | ||
| 653 | _aსაქართველოს ბიბლიოთეკა | ||
| 653 | _aსაქართველოს კანონი დოკუმენტების სავალდებულო ეგზემპლარის შესახებ | ||
| 942 | _cCR | ||
| 999 |
_c46791 _d46791 |
||